00549 2200217 4500001002100000005001500021035002000036035002000056245003700076100002100113300003000134260004700164082001300211084001900224020002200243250001100265700001600276650001700292990001100309990001100320INLIS00000000000165920240425104401 a0010-0424000014 a0010-09230000011 aLegenda Naga /cYoshito Yamahara0 aYoshito Yamahara a195 hlm :bilust ;c17 cm aJakarta :bPT Elex Media Komputindo,c2007 a741.5592 a741.5592 YOS l a978-979-27-0478-5 avol.370 aM. Gunarsah 4aKomik Jepang a003253 a003253